| 000 | 00840nam a22002177a 4500 | ||
|---|---|---|---|
| 008 | 150327b xxu||||| |||| 00| 0 eng d | ||
| 050 | _aBX1682.Z3H662 1994 | ||
| 100 |
_aHinfelaar, H.F. _916747 |
||
| 245 |
_aBemba-speaking women in Zambia in a century of religious change (1892-1992) _c/by Hugo F. Hinfelaar |
||
| 260 |
_aLeiden _bE.J. Brill _c1994 |
||
| 300 |
_axiv,224p. ; _c21cm. |
||
| 440 |
_aStudies of religion in Africa _nno.11 _916748 |
||
| 650 |
_awomen, Bemba _916749 |
||
| 650 |
_aBemba (African people) _xReligion _916750 |
||
| 650 |
_aChristianity and other religions _xAfrican _910506 |
||
| 650 |
_aCatholic churches _xHistory _zZambia _916751 |
||
| 650 |
_aZambia _xChurch history _916752 |
||
| 700 |
_aAdrian Hastings (series editor) _916753 |
||
| 700 |
_aMarc R. Spindler (series editor) _916754 |
||
| 942 |
_2lcc _cMONOGRAPH |
||
| 999 |
_c122541 _d122541 |
||